Statistiques concernant They Shoot Pictures, Don't They? - films 821 à 840

Cliquez ici pour prendre le quiz!

Statistiques générales

  • Ce quiz a été pris 25 fois
  • Le résultat moyen est 6 sur 20

Statistiques - réponses

Réponse% Correct
Edward aux mains d'argent
95%
Memento
76%
Evil Dead 2
57%
La Folle Journée de Ferris Bueller
57%
Jeux interdits
52%
Le Tambour
48%
Le Loup-garou de Londres
38%
Les Idiots
38%
Petite maman
29%
La Commune (Paris, 1871)
19%
Les Producteurs
19%
Y tu mamá también
19%
L'Étoffe des héros
14%
Le Voleur de Bagdad
14%
Deep End
10%
Nous nous sommes tant aimés
10%
L'enfer est à lui
5%
Sicilia!
5%
Les Funérailles des roses
0%
Les Sacrifiés
0%

Distribution des résultats

Percentile par nombre de réponses

% des personnes avec chaque résultat

Votre développement - résultats

Vous n’avez pas pris ce quiz